| Tag |
First Indicator |
Second Indicator |
Subfields |
| LEADER |
00000cam a2200000 4500 |
| 001 |
in00000613552 |
| 005 |
20151015050238.0 |
| 008 |
720127s1964 nyua b 00010 eng |
| 010 |
|
|
|a 64019506
|
| 035 |
|
|
|a (OCoLC)00228996
|
| 035 |
|
|
|9 ACS8762AM
|
| 040 |
|
|
|c WSU
|d TXA
|d UtOrBLW
|
| 049 |
|
|
|a TXAM
|c 1 [458559], 2 [458560]
|
| 050 |
0 |
0 |
|a HD30
|b .K57 1964
|
| 090 |
|
|
|a HD31
|b .K599 1964
|
| 100 |
1 |
|
|a Koontz, Harold,
|d 1908-
|
| 245 |
1 |
0 |
|a Management :
|b a book of readings /
|c [by] Harold Koontz [and] Cyril O'Donnell.
|
| 264 |
|
1 |
|a New York :
|b McGraw-Hill,
|c [1964]
|
| 264 |
|
4 |
|c [©1964]
|
| 300 |
|
|
|a 563 pages :
|b illustrations ;
|c 26 cm.
|
| 336 |
|
|
|a text
|b txt
|2 rdacontent
|
| 337 |
|
|
|a unmediated
|b n
|2 rdamedia
|
| 338 |
|
|
|a volume
|b nc
|2 rdacarrier
|
| 490 |
1 |
|
|a McGraw-Hill series in management
|
| 500 |
|
|
|a First published in 1959 under title: Readings in management.
|
| 504 |
|
|
|a Includes bibliographical references.
|
| 650 |
|
0 |
|a Management.
|
| 700 |
1 |
|
|a O'Donnell, Cyril,
|d 1900-
|
| 830 |
|
0 |
|a McGraw-Hill series in management.
|
| 999 |
|
|
|a MARS
|
| 999 |
f |
f |
|s b5a41334-7f8a-3162-aede-8c5e51f46493
|i e961f276-9c7a-3c76-aae0-f4a2015abb01
|t 0
|
| 952 |
f |
f |
|p normal
|a Texas A&M University
|b College Station
|c Sterling C. Evans Library
|d Evans: Library Stacks
|t 0
|e HD31 .K599 1964
|h Library of Congress classification
|i unmediated -- volume
|m A14802617876
|
| 998 |
f |
f |
|a HD31 .K599 1964
|t 0
|l Evans: Library Stacks
|